000 00576nam a2200229Ia 4500
003 OSt
005 20230602111925.0
008 210423s2012 xx 000 0 und d
020 _a978-81-8192-218-2
040 _cAL
041 _aeng
082 _a158.1 RANA
100 _aRANI (Prabha)
_9118785
245 _aArt of self confidence
260 _aJaipur
_bSublime Publications
_c2012
300 _av,224
_bHB
365 _b895
_cINR
650 _aApplied Psychology
_9118786
650 _aPsychology
_9118787
906 _aArt ; confidence ; self
942 _2ddc
_cBK
999 _c176493
_d176493